Statistics for Unscramble the African Country Names

Click here to take the quiz!

General Stats

  • This quiz has been taken 54 times
  • The average score is 15 of 15

Answer Stats

HintAnswer% Correct
watsBonaaBotswana
100%
hCdaChad
100%
beriaLiLiberia
100%
aaaaMdgsrcMadagascar
100%
MlaiMali
100%
wanRdaRwanda
100%
duSnaSudan
100%
ewZmibabZimbabwe
100%
lAgeraiAlgeria
98%
MwlaaiMalawi
98%
lageneSSenegal
98%
zMmqbueoaiMozambique
96%
jibuoitDDjibouti
94%
neaGuiGuinea
94%
echesllSeySeychelles
92%

Score Distribution

Percentile by Number Answered

Percent of People with Each Score

Your Score History

You have not taken this quiz